| 000 | 00000nam 2200000zi 4500 |
| 001 | 9.940480 |
| 003 | CaOODSP |
| 005 | 20240725152614 |
| 006 | m o d f |
| 007 | cr cn||||||||| |
| 008 | 240711e201001##onca ob f000 0 eng d |
| 040 | |aCaOODSP|beng|erda|cCaOODSP |
| 043 | |an-cn--- |
| 086 | 1 |aIN4-52/2010E-PDF |
| 245 | 00|aInternal audit on IT security access. |
| 264 | 1|a[Ottawa] : |bOffice of the Superintendent of Financial Institutions Canada = Bureau du surintendant des institutions financières Canada, |cJanuary 2010. |
| 300 | |a1 online resource (18 pages) : |billustrations |
| 336 | |atext|btxt|2rdacontent |
| 337 | |acomputer|bc|2rdamedia |
| 338 | |aonline resource|bcr|2rdacarrier |
| 500 | |aIssued also in French under title: Rapport de vérification interne du cadre de contrôle de l’accès aux réseaux informatiques. |
| 504 | |aIncludes bibliographical references. |
| 610 | 20|aOffice of the Superintendent of Financial Institutions Canada|xAuditing. |
| 650 | 0|aInformation technology|xSecurity measures|zCanada|xAuditing. |
| 650 | 0|aComputer security|zCanada|xAuditing. |
| 710 | 2 |aOffice of the Superintendent of Financial Institutions Canada, |eissuing body. |
| 775 | 08|tRapport de vérification interne du cadre de contrôle de l’accès aux réseaux informatiques.|w(CaOODSP)9.941062 |
| 856 | 40|qPDF|s722 KB|uhttps://publications.gc.ca/collections/collection_2024/bsif-osfi/IN4-52-2010-eng.pdf |